000 00591nam a22001937a 4500
005 20251108165817.0
008 250721s1974 xx 000 0 ara d
082 1 4 _aط/549/واي
100 1 _aوايت، آلان
245 1 0 _aالصخور و المعادن /
264 1 _aبيروت :
_bمكتبة لبنان،
_c1974.
300 _a50ص : مص
490 0 _aسلسلة ليد يبرد
650 1 7 _aالمعادن
653 _aأطفال مرحلة متوسطة (6-9) سنوات
700 1 _aجويجاتي، سعد الله
_eترجمة
942 _2ddc
_cBK
999 _c31875
_d31875